000 00246nam a2200097Ia 4500
008 230915s9999 xx 000 0 und d
050 _aKSK.4610.B856
100 _aBWONWONG'A ,MOMANYI
245 0 _aPROCEDURES IN CRIMINAL LAW IN KENYA
942 _cBK
999 _c61784
_d61784